000 00490 a2200169 4500
005 20250528090002.0
020 _a978-0-07-351166-5
082 _a650 FER
100 _aFERRELL, O. C
245 _aBusiness: A Changing World
250 _a6th Ed.
260 _aNew York,
_bMcgraw- Hill Irwin,
_c2008.
300 _axxxiv,586p.: ill.; figure, picture, table.
_bIndex.
_c25cm.
700 _aHIRT, G & FERRELL, L.
856 _yAccess Online Book.
_fBusiness
_dwww.mhhe.com
942 _2ddc
_cBKS
999 _c1192
_d1192